000 01022naa a22002897a 4500
001 BR7310062
003 BR-BrBNA
005 20240918173509.0
007 ta
008 230509b bl.||||| |||| 00| 0 por d
040 _aBR-BrBNA
_bpor
_cBiblioteca Nacional de Agricultura
041 _a(Pt)
072 _aD50; E10; E70
_b9320
_bG514
090 _aD50 BR7310062
100 1 _aCoutinho, N.
111 1 _aEncontro Nacional dos Produtores de Acucar
_cCampos, RJ (Brazil)
_d1 Aug 1973
245 1 _aAspectos da legislacao acucareira no Brasil [Mercado; Politica economica]
260 3 _aCampos, RJ (Brasil):
_c1973.
500 _aEncontro Nacional dos Produtores de Acucar Campos, RJ (Brasil): 1973. p. 81-101 (BR7310062-AM)D50
650 _aLegislacao
650 _aMacroeconomia
650 _aAcucar
650 _aPolitica economica
773 0 _tEncontro Nacional dos Produtores de Acucar
_wD50 BR7310062
_gCampos, RJ (Brasil), 1973. p. 81-101
909 _a202404
_bLucia
_c55
_dLucia Elande
942 _cAM
_2AGRIS
999 _c305000
_d305000